[Event "DVM U20w 2012"]
[Site "Osnabrück GER"]
[Date "2012.12.28"]
[Round "4"]
[White "Endress, Anna"]
[Black "Schulz, Anja"]
[Result "1-0"]
[Termination "normal"]
[Board "1.1"]
[WhiteElo "2120"]
[BlackElo "2076"]
[WhiteTeam "TSV Schott Mainz"]
[BlackTeam "SC Ladja Roßdorf"]
[WhiteFideId "24629472"]
[BlackFideId "24647845"]
[EventCountry "GER"]
[EventRounds "7"]
[EventType "team-swiss"]
[EventDate "2012.12.26"]

1. d4 Nf6 2. g3 g6 3. Bg2 Bg7 4. e4 d6 5. Nc3 O-O 6. Nge2 e5 7. h3 c6 8. a4 Re8
9. O-O Nbd7 10. Be3 Nf8 11. Qd2 Ne6 12. d5 cxd5 13. Nxd5 Nxd5 14. Qxd5 Nd4 15.
Bxd4 exd4 16. Nxd4 Qb6 17. Nb5 Re5 18. Qd2 Be6 19. Rfd1 Rd8 20. Nd4 Bc4 21. b3
Ba6 22. c4 Re7 23. Rab1 Qc7 24. Kh2 h5 25. h4 Kh7 26. f4 b6 27. Nb5 Bxb5 28.
axb5 Qc5 29. Qd5 Qb4 30. Rd3 Red7 31. Bh3 Re7 32. e5 Bf8 33. Rbd1 Qa3 34. R1d2
Rc7 35. Qf3 Qb4 36. Qd1 d5 37. Rxd5 Rxd5 38. Rxd5 Qc3 39. Rd3 Qb2+ 40. Rd2 Qc3
41. Qc2 Qe3 42. Qd3 Qe1 43. Qe2 Qb1 44. Qd1 Qe4 45. Re2 Qf3 46. Bg2 Qc3 47. Qd8
1-0

[Event "DVM U20w 2012"]
[Site "Osnabrück GER"]
[Date "2012.12.28"]
[Round "4"]
[White "Tran, My Linh"]
[Black "Frey, Alisa"]
[Result "0-1"]
[Termination "normal"]
[Board "1.2"]
[BlackTitle "FM"]
[WhiteElo "2031"]
[BlackElo "2039"]
[WhiteTeam "SC Ladja Roßdorf"]
[BlackTeam "TSV Schott Mainz"]
[WhiteFideId "24682462"]
[BlackFideId "24634662"]
[EventCountry "GER"]
[EventRounds "7"]
[EventType "team-swiss"]
[EventDate "2012.12.26"]

1. Nf3 Nf6 2. c4 g6 3. Nc3 d5 4. cxd5 Nxd5 5. h4 h6 6. e4 Nb6 7. d4 Bg7 8. Be3
Bg4 9. Qd2 f5 10. Nh2 e5 11. Nxg4 fxg4 12. O-O-O exd4 13. Bxd4 Qxd4 14. Qxd4
Bxd4 15. Rxd4 N8d7 16. h5 g5 17. Be2 Ne5 18. Nd5 O-O 19. Ne7+ Kh7 20. Nf5 Nbd7
21. f3 gxf3 22. gxf3 Nf6 23. Ng3 Rad8 24. Rxd8 Rxd8 25. Rd1 Rxd1+ 26. Kxd1 Kg8
27. Kd2 Kf7 28. Ke3 Ke6 29. Kd4 b6 30. b4 Nc6+ 31. Kc3 Ke5 32. b5 Nd4 33. a4
Nxh5 34. Nxh5 Nxe2+ 35. Kd2 Nd4 36. Ke3 Ne6 37. Ng3 Nc5 38. Nf5 Nxa4 39. Nxh6
Nc3 40. Nf7+ Kf6 41. Nxg5 Kxg5 42. f4+ Kf6 43. Kd4 Nxb5+ 44. Kd5 Nc3+ 0-1

[Event "DVM U20w 2012"]
[Site "Osnabrück GER"]
[Date "2012.12.28"]
[Round "4"]
[White "Görisch, Annika"]
[Black "Voss, Chantal"]
[Result "0-1"]
[Termination "normal"]
[Board "1.4"]
[WhiteElo "825"]
[BlackElo "1899"]
[WhiteTeam "SC Ladja Roßdorf"]
[BlackTeam "TSV Schott Mainz"]
[BlackFideId "4664906"]
[EventCountry "GER"]
[EventRounds "7"]
[EventType "team-swiss"]
[EventDate "2012.12.26"]

1. e4 e6 2. Nf3 d5 3. exd5 exd5 4. g3 Bg4 5. Bg2 Qe7+ 6. Qe2 Qxe2+ 7. Kxe2 Nc6
8. c3 O-O-O 9. Re1 d4 10. Kf1 d3 11. b3 Nf6 12. Bb2 Bc5 13. c4 a6 14. Nc3 Bxf3
15. Bxf3 Nd4 16. Bd1 Rhe8 17. Rxe8 Rxe8 18. Kg2 Ne2 19. Bxe2 dxe2 20. Re1 Bd4
21. Kf3 g5 22. h3 h5 23. g4 hxg4+ 24. hxg4 Kd7 25. Rxe2 Rxe2 26. Kxe2 Nxg4 27.
Nd1 Bxb2 28. Nxb2 c5 29. Nd1 Ke6 30. Ne3 Ne5 31. f3 Nc6 32. Nc2 Ke5 33. Ke3 f5
34. a3 a5 35. a4 b6 36. d3 Nd4 37. Nxd4 cxd4+ 38. Kf2 Kd6 39. Ke2 Kc5 40. Kd2
Kb4 41. Kc2 Ka3 42. c5 bxc5 43. b4 cxb4 0-1

[Event "DVM U20w 2012"]
[Site "Osnabrück GER"]
[Date "2012.12.28"]
[Round "4"]
[White "Kaden, Romy"]
[Black "Wisheckel, Lena"]
[Result "1/2-1/2"]
[Termination "normal"]
[Board "2.1"]
[WhiteElo "1628"]
[BlackElo "1791"]
[WhiteTeam "Chemnitzer SC Aufbau"]
[BlackTeam "SpVgg Stetten"]
[WhiteFideId "12931616"]
[BlackFideId "24691992"]
[EventCountry "GER"]
[EventRounds "7"]
[EventType "team-swiss"]
[EventDate "2012.12.26"]

1. e4 e5 2. Nf3 Nc6 3. d4 exd4 4. Nxd4 Bc5 5. Be3 Qf6 6. c3 Nge7 7. Be2 O-O 8.
O-O d6 9. Nxc6 Nxc6 10. Bxc5 dxc5 11. Nd2 Be6 12. Qc2 Rfe8 13. Bc4 Qg6 14. Bxe6
Rxe6 15. f3 Qh5 16. Rfd1 Ne5 17. Nf1 Rd6 18. Rxd6 cxd6 19. Rd1 Qg6 20. Qe2 Qe6
21. b3 a6 22. c4 Nc6 23. Ne3 Rd8 24. Rd2 g6 25. Qf2 Qf6 1/2-1/2

[Event "DVM U20w 2012"]
[Site "Osnabrück GER"]
[Date "2012.12.28"]
[Round "4"]
[White "Mehling, Franziska"]
[Black "Nitzsche, Pia"]
[Result "1/2-1/2"]
[Termination "normal"]
[Board "2.2"]
[WhiteElo "1708"]
[BlackElo "1543"]
[WhiteTeam "SpVgg Stetten"]
[BlackTeam "Chemnitzer SC Aufbau"]
[WhiteFideId "12900133"]
[BlackFideId "12900370"]
[EventCountry "GER"]
[EventRounds "7"]
[EventType "team-swiss"]
[EventDate "2012.12.26"]

1. d4 Nf6 2. c4 g6 3. Nc3 Bg7 4. e4 d6 5. f3 O-O 6. Be3 Nbd7 7. Qd2 e5 8. Nge2
Nb6 9. Nc1 Nfd7 10. Nb3 exd4 11. Nxd4 Ne5 12. b3 a5 13. Be2 Bd7 14. O-O Qe7 15.
Rac1 a4 16. Bh6 axb3 17. axb3 Nc6 18. Bxg7 Kxg7 19. Ndb5 Qd8 20. Nd5 Nxd5 21.
cxd5 Na5 22. Qc3+ Kg8 23. Qxc7 Bxb5 24. Bxb5 Nxb3 25. Qxd8 Rfxd8 26. Rc3 Nc5
27. Re1 b6 28. Rc2 Ra5 29. Rb1 Rb8 30. Rcb2 Ra7 31. Bc4 Rab7 32. Kf2 Kg7 33.
Ke3 g5 34. g3 h6 1/2-1/2

[Event "DVM U20w 2012"]
[Site "Osnabrück GER"]
[Date "2012.12.28"]
[Round "4"]
[White "Schneider, Jana"]
[Black "Hartewig, Anja"]
[Result "0-1"]
[Termination "normal"]
[Board "2.4"]
[WhiteElo "1652"]
[BlackElo "1823"]
[WhiteTeam "SpVgg Stetten"]
[BlackTeam "Chemnitzer SC Aufbau"]
[WhiteFideId "12924997"]
[BlackFideId "12917966"]
[EventCountry "GER"]
[EventRounds "7"]
[EventType "team-swiss"]
[EventDate "2012.12.26"]

1. e4 d6 2. d4 Nf6 3. Nc3 g6 4. f3 Bg7 5. Be3 c6 6. Qd2 b5 7. g4 Bb7 8. Bh6
Bxh6 9. Qxh6 Nbd7 10. O-O-O Qa5 11. Kb1 a6 12. Bh3 O-O-O 13. Qe3 Nb6 14. g5+
Nfd7 15. b3 b4 16. Nce2 Kb8 17. f4 c5 18. d5 c4 19. Bxd7 Rxd7 20. Nf3 Rc8 21.
Nfd4 f5 22. Nc6+ Bxc6 23. dxc6 Rxc6 24. exf5 gxf5 25. Nd4 Rc5 26. Qf3 c3 27.
Qe3 Nd5 28. Qc1 Qb6 29. Nxf5 Ra5 30. Ng3 Ne3 31. Rde1 Ng2 32. Re2 Ra3 33. Qxa3
bxa3 34. Rxg2 a5 35. Ne2 Qe3 36. Nc1 Qxf4 37. Rg3 Qe5 38. Rf1 Rd8 39. Rff3 Rc8
40. Re3 Qg7 41. Ne2 Qf7 42. Rgf3 Qd5 43. Rd3 Qxg5 44. Rg3 Qe5 45. Rde3 Qd5 46.
Rg1 Qf7 47. Re1 Qf2 48. Nc1 Qxh2 49. R3e2 Qh4 50. Rxe7 h5 51. R7e4 Qg3 52. Rh1
Qg2 53. Reh4 Rf8 54. R4h2 Qe4 55. Nd3 Rf5 56. Rh4 Qe8 57. R4h2 Qf7 58. Nc1 d5
59. Rh4 Kc7 60. R1h2 Rf1 61. Rh1 Rxh1 62. Rxh1 Qf3 63. Rh4 Kd6 64. Rh2 Ke6 65.
Nd3 Qd1+ 66. Nc1 Kf5 67. Rg2 h4 68. Rg8 d4 69. Rd8 h3 70. b4 axb4 71. Rf8+ Ke6
72. Rh8 d3 73. cxd3 c2+ 74. Ka1 Qxc1# 0-1

[Event "DVM U20w 2012"]
[Site "Osnabrück GER"]
[Date "2012.12.28"]
[Round "4"]
[White "Kühnel, Lena"]
[Black "Evers, Annika"]
[Result "0-1"]
[Termination "normal"]
[Board "3.1"]
[WhiteElo "1904"]
[BlackElo "1794"]
[WhiteTeam "Dortmunder Schachverein 1875"]
[BlackTeam "SC Leipzig-Lindenau"]
[WhiteFideId "24640956"]
[BlackFideId "24691933"]
[EventCountry "GER"]
[EventRounds "7"]
[EventType "team-swiss"]
[EventDate "2012.12.26"]

1. e4 c5 2. Nf3 e6 3. d4 cxd4 4. Nxd4 Nf6 5. Bd3 Nc6 6. Nxc6 bxc6 7. O-O Be7 8.
Qe2 O-O 9. Nd2 d5 10. e5 Nd7 11. c3 f6 12. exf6 Nxf6 13. Nf3 Bd6 14. Ne5 Qc7
15. f4 c5 16. Kh1 c4 17. Bc2 Rb8 18. Rf3 Ne4 19. Nxc4 Ba6 20. b3 Nc5 21. Rh3 g6
22. Be3 Rbe8 23. Bd4 e5 24. fxe5 dxc4 25. Bxg6 hxg6 26. exd6 Rxe2 27. dxc7 Ne6
28. Rh8+ Kf7 29. Rf1+ Ke8 30. Rhxf8+ Nxf8 31. Bxa7 Bb7 32. Rd1 Nd7 33. c8=Q+
Bxc8 34. bxc4 Bb7 35. Kg1 Rxg2+ 36. Kf1 Rxh2 37. Rd6 Rxa2 38. Be3 Ra6 39. c5
Rc6 40. Ke2 Nf6 41. Kd3 Ne4 42. Rd5 Re6 43. c6 Bxc6 44. Ra5 Nxc3 45. Bg5 Nb5
46. Be3 Nd6 47. Bf4 Rf6 48. Re5+ Kf7 49. Be3 Rf3 50. Rc5 Nf5 51. Rxc6 Rxe3+ 0-1

[Event "DVM U20w 2012"]
[Site "Osnabrück GER"]
[Date "2012.12.28"]
[Round "4"]
[White "Knöchel, Sarah"]
[Black "Finke, Lara"]
[Result "0-1"]
[Termination "normal"]
[Board "3.4"]
[WhiteElo "1249"]
[BlackElo "1673"]
[WhiteTeam "SC Leipzig-Lindenau"]
[BlackTeam "Dortmunder Schachverein 1875"]
[BlackFideId "12909874"]
[EventCountry "GER"]
[EventRounds "7"]
[EventType "team-swiss"]
[EventDate "2012.12.26"]

1. e4 e5 2. Nf3 Nc6 3. Bc4 Be7 4. O-O Nf6 5. Re1 O-O 6. Nc3 d6 7. d3 Bg4 8. h3
Bh5 9. Be3 Na5 10. Bb3 Nxb3 11. cxb3 c6 12. d4 Qc7 13. Rc1 Rfd8 14. d5 c5 15.
Qe2 a6 16. Bd2 b5 17. a3 Qd7 18. Na2 Bg6 19. Ba5 Rdb8 20. Nd2 Nh5 21. Qg4 Qe8
22. g3 f5 23. exf5 Nf6 24. Qf3 Bf7 25. Ne4 Nxd5 26. Red1 Qc6 27. Nec3 Nb4 28.
Qxc6 Nxc6 29. Bc7 Re8 30. Bxd6 Bxb3 31. Rd3 Bxd6 32. Rxd6 Nd4 33. Kg2 Nxf5 34.
Rc6 Rec8 35. Rxc8+ Rxc8 36. Re1 Re8 37. Nc1 Bc4 38. Ne4 Bd5 39. f3 Bxe4 40.
Rxe4 Nd6 41. Re2 c4 42. Rd2 Re6 43. Na2 a5 44. Rd5 Kf7 45. Nc3 b4 46. axb4 axb4
47. Ne4 Nxe4 48. fxe4 Rc6 49. Rxe5 c3 50. Rf5+ Rf6 51. Rb5 c2 52. Rc5 b3 53. e5
Ra6 54. Kf3 Ra1 55. Ke2 0-1

[Event "DVM U20w 2012"]
[Site "Osnabrück GER"]
[Date "2012.12.28"]
[Round "4"]
[White "Dannert, Katrin"]
[Black "Sonnhalter, Stella"]
[Result "0-1"]
[Termination "normal"]
[Board "4.1"]
[WhiteElo "1460"]
[BlackElo "1839"]
[WhiteTeam "SV Lingen"]
[BlackTeam "SC Reti Heusweiler"]
[BlackFideId "4624815"]
[EventCountry "GER"]
[EventRounds "7"]
[EventType "team-swiss"]
[EventDate "2012.12.26"]

1. e4 c5 2. b3 d5 3. exd5 Qxd5 4. Nc3 Qd8 5. Bc4 Nf6 6. Bb2 Nc6 7. Nf3 a6 8. a4
Bf5 9. O-O e6 10. Re1 Be7 11. Ne2 O-O 12. Ng3 Bg4 13. h3 Bxf3 14. gxf3 Nd5 15.
Nh5 Bd6 16. f4 Nxf4 17. Nxf4 Bxf4 18. Qg4 e5 19. Kh1 Qf6 20. Rg1 Bxd2 21. Rad1
Rad8 22. Bd3 Bf4 23. Rg2 Nd4 24. Rdg1 g6 25. h4 Nf3 26. Rd1 Qxh4+ 27. Qxh4 Nxh4
28. Rg4 Nf3 29. Bc3 h5 30. Rg2 Kg7 31. Rb1 h4 32. Be4 h3 33. Rg4 Nd2 34. Re1
Nxe4 35. Rxf4 Nxc3 36. Rf3 Rd1 37. Rg1 Rxg1+ 38. Kxg1 Ne2+ 0-1

[Event "DVM U20w 2012"]
[Site "Osnabrück GER"]
[Date "2012.12.28"]
[Round "4"]
[White "Orhan, Eda"]
[Black "Edel, Fenja"]
[Result "1/2-1/2"]
[Termination "normal"]
[Board "4.2"]
[WhiteElo "1741"]
[BlackElo "1635"]
[WhiteTeam "SC Reti Heusweiler"]
[BlackTeam "SV Lingen"]
[WhiteFideId "24659258"]
[BlackFideId "24696749"]
[EventCountry "GER"]
[EventRounds "7"]
[EventType "team-swiss"]
[EventDate "2012.12.26"]

1. d4 d5 2. Nf3 Nf6 3. e3 Bf5 4. c4 c6 5. cxd5 cxd5 6. Bd3 Bg6 7. O-O e6 8. Qb3
Qc7 9. Bd2 Bd6 10. Bb5+ Nc6 11. Bb4 O-O 12. Bxd6 Qxd6 13. Bxc6 bxc6 14. Nbd2
Rab8 15. Qc3 Rfc8 16. Rac1 Nd7 17. Nb3 Qb4 18. Qxb4 Rxb4 19. Rc3 f6 20. Rfc1
Rb6 21. Nh4 Be8 22. f4 Ra6 23. a3 Rb6 24. Nf3 Nf8 25. Ne1 Rcb8 26. Na5 Rxb2 27.
Nxc6 Bxc6 28. Rxc6 Rb1 29. Rxb1 Rxb1 30. Kf2 Rb2+ 31. Kf3 Rb1 32. Nc2 Rf1+ 33.
Kg3 Rc1 34. Kf2 h6 35. Ke2 Rh1 36. h3 Rc1 37. Kd2 Rf1 38. Ke2 Rc1 39. Nb4 Rxc6
40. Nxc6 a6 41. Nb8 a5 42. a4 Kf7 43. Nc6 Nd7 1/2-1/2

[Event "DVM U20w 2012"]
[Site "Osnabrück GER"]
[Date "2012.12.28"]
[Round "4"]
[White "Bachem, Sabrina"]
[Black "Wilke, Tabea"]
[Result "1/2-1/2"]
[Termination "normal"]
[Board "5.1"]
[WhiteElo "1408"]
[BlackElo "1430"]
[WhiteTeam "TTC Grün-Weiß Fritzdorf"]
[BlackTeam "SC 1979 Hattersheim"]
[BlackFideId "12910015"]
[EventCountry "GER"]
[EventRounds "7"]
[EventType "team-swiss"]
[EventDate "2012.12.26"]

1. e4 c5 2. Nf3 Nc6 3. d4 cxd4 4. Nxd4 Nf6 5. Nc3 e5 6. Nf3 Bb4 7. Bd3 d6 8. h3
Bxc3+ 9. bxc3 O-O 10. Bg5 Re8 11. Bc4 Be6 12. Bb3 Rc8 13. O-O Qe7 14. Qd3 Na5
15. Rfd1 Bc4 16. Bxc4 Rxc4 17. Nd2 Rc7 18. Nb3 Nc4 19. Qf3 Rec8 20. Bxf6 Qxf6
21. Qxf6 gxf6 22. Rac1 a5 23. Rb1 Kf8 24. Rd3 Ke7 25. Na1 a4 26. Rb4 Ra8 27.
Kf1 b6 28. Ke2 Rc5 29. Rd5 Rxd5 30. exd5 Rc8 31. Rxa4 b5 32. Ra7+ Kf8 33. Nb3
Nb6 34. Kd2 Nxd5 35. Rb7 Nxc3 36. Nc1 Ne4+ 37. Ke3 Rxc2 38. Kxe4 Rxc1 39. Rxb5
Rc4+ 40. Kd3 Rd4+ 41. Ke3 Ke7 42. Ra5 Ke6 43. a4 Rd1 44. Ra6 Kd5 45. Ra7 Ra1
46. Rxf7 Rxa4 1/2-1/2

[Event "DVM U20w 2012"]
[Site "Osnabrück GER"]
[Date "2012.12.28"]
[Round "4"]
[White "Rosmanitz, Anna"]
[Black "Bachem, Lisa"]
[Result "0-1"]
[Termination "normal"]
[Board "5.2"]
[WhiteElo "1606"]
[BlackElo "1541"]
[WhiteTeam "SC 1979 Hattersheim"]
[BlackTeam "TTC Grün-Weiß Fritzdorf"]
[WhiteFideId "12910058"]
[BlackFideId "12909912"]
[EventCountry "GER"]
[EventRounds "7"]
[EventType "team-swiss"]
[EventDate "2012.12.26"]

1. e4 c5 2. Nc3 d6 3. f4 e6 4. Bb5+ Bd7 5. Bxd7+ Qxd7 6. d3 a6 7. Nf3 Nc6 8.
O-O Nge7 9. Qe1 Ng6 10. f5 Nge5 11. fxe6 Nxf3+ 12. Rxf3 fxe6 13. Bg5 Nd4 14.
Rf2 Be7 15. Qe3 O-O-O 16. Bf4 Rdf8 17. b3 g5 18. Bg3 h5 19. Na4 Qd8 20. c3 Rxf2
21. Bxf2 Nc2 22. Qc1 Nxa1 23. Qxa1 b5 24. Nb2 Bf6 25. d4 cxd4 26. cxd4 Qc7 27.
Qd1 Qc3 28. Qe2 Bxd4 29. Nd1 Bxf2+ 30. Qxf2 Qc5 31. Qxc5+ dxc5 32. Nb2 Rd8 33.
Kf1 Rd2 0-1

[Event "DVM U20w 2012"]
[Site "Osnabrück GER"]
[Date "2012.12.28"]
[Round "4"]
[White "Sturm, Johanna"]
[Black "Goldhausen, Nina"]
[Result "1-0"]
[Termination "normal"]
[Board "5.3"]
[WhiteElo "1616"]
[BlackElo "1093"]
[WhiteTeam "TTC Grün-Weiß Fritzdorf"]
[BlackTeam "SC 1979 Hattersheim"]
[WhiteFideId "12909904"]
[BlackFideId "12927309"]
[EventCountry "GER"]
[EventRounds "7"]
[EventType "team-swiss"]
[EventDate "2012.12.26"]

1. e4 c6 2. d4 d5 3. exd5 cxd5 4. Bd3 Nc6 5. c3 e6 6. Bf4 Bd6 7. Bxd6 Qxd6 8.
Nf3 Nf6 9. h3 O-O 10. O-O Bd7 11. Nbd2 Rfc8 12. Re1 a6 13. Ne5 Qe7 14. Ndf3
Nxe5 15. Nxe5 Bc6 16. Re3 Rab8 17. Rg3 Qe8 18. Ng4 Nxg4 19. Qxg4 Qf8 20. Rd1
Rc7 21. Qf4 Re7 22. Qh6 g6 23. Qf4 Rd8 24. h4 Be8 25. Re3 Qg7 26. h5 1-0

[Event "DVM U20w 2012"]
[Site "Osnabrück GER"]
[Date "2012.12.28"]
[Round "4"]
[White "Heyd, Julia"]
[Black "Jentsch, Jasmin"]
[Result "1/2-1/2"]
[Termination "normal"]
[Board "5.4"]
[WhiteElo "885"]
[BlackElo "1324"]
[WhiteTeam "SC 1979 Hattersheim"]
[BlackTeam "TTC Grün-Weiß Fritzdorf"]
[WhiteFideId "12927317"]
[BlackFideId "12909920"]
[EventCountry "GER"]
[EventRounds "7"]
[EventType "team-swiss"]
[EventDate "2012.12.26"]

1. e4 c5 2. Nc3 d6 3. f4 e6 4. Bb5+ Bd7 5. Bxd7+ Nxd7 6. d3 a6 7. Nf3 Ne7 8.
O-O Ng6 9. Qe1 Be7 10. e5 dxe5 11. fxe5 Ndxe5 12. Nxe5 Qd4+ 13. Kh1 Qxe5 14.
Qf2 O-O 15. Be3 Bd6 16. g3 Be7 17. d4 cxd4 18. Bxd4 Qc7 19. Kg1 Rac8 20. Rac1
Bc5 21. Bxc5 Qxc5 22. Ne4 Qe5 23. Nc3 Qc5 24. Qxc5 Rxc5 25. Ne4 Rc6 26. a4 Ne7
27. c4 Nf5 28. Rfe1 Rfc8 29. b3 Nd4 30. Nd2 b5 31. axb5 axb5 32. Re4 Nf5 33.
Kg2 Nd6 34. Rd4 e5 35. Rd5 f6 36. c5 Nf5 37. Kf2 Nd4 38. b4 Ra6 39. Ne4 Ra4 40.
Nd6 Rc6 41. Rb1 Nc2 42. Nxb5 Rxb4 43. Na7 Rxb1 44. Nxc6 Nb4 45. Nxb4 Rxb4 46.
c6 Rc4 47. Rd8+ Kf7 48. Rd7+ Kg6 49. c7 1/2-1/2

[Event "DVM U20w 2012"]
[Site "Osnabrück GER"]
[Date "2012.12.28"]
[Round "4"]
[White "Höschen, Franziska"]
[Black "Nguyen Minh, Thuy"]
[Result "0-1"]
[Termination "normal"]
[Board "6.1"]
[WhiteElo "1572"]
[BlackElo "1962"]
[WhiteTeam "Schachfreunde Paderborn 2000 e.V."]
[BlackTeam "USG Chemnitz"]
[BlackFideId "24672688"]
[EventCountry "GER"]
[EventRounds "7"]
[EventType "team-swiss"]
[EventDate "2012.12.26"]

1. e4 e6 2. Nc3 d5 3. Nf3 Nf6 4. exd5 exd5 5. d4 Be7 6. h3 Nc6 7. Bd3 Be6 8.
Bf4 h6 9. Qd2 a6 10. a3 Qc8 11. O-O g5 12. Bg3 Nh5 13. Bh2 Rg8 14. Kh1 Qd7 15.
Rfe1 O-O-O 16. Ne2 g4 17. hxg4 Bxg4 18. Nfg1 Bh4 19. Nf4 Bg5 20. c3 Rg7 21. Be2
Rdg8 22. Qe3 Bxe2 23. Ngxe2 Bxf4 24. Nxf4 Nxf4 25. Bxf4 Rxg2 26. Bxh6 Qg4 27.
Qf4 Qh3+ 0-1

[Event "DVM U20w 2012"]
[Site "Osnabrück GER"]
[Date "2012.12.28"]
[Round "4"]
[White "Blübaum, Johanna"]
[Black "Bünte, Ellen"]
[Result "1-0"]
[Termination "normal"]
[Board "6.2"]
[WhiteElo "1930"]
[BlackElo "1397"]
[WhiteTeam "USG Chemnitz"]
[BlackTeam "Schachfreunde Paderborn 2000 e.V."]
[WhiteFideId "24647373"]
[BlackFideId "12964204"]
[EventCountry "GER"]
[EventRounds "7"]
[EventType "team-swiss"]
[EventDate "2012.12.26"]

1. d4 g6 2. c4 e6 3. e4 d5 4. cxd5 exd5 5. exd5 Qxd5 6. Nc3 Bb4 7. Nf3 Nf6 8.
Bd3 O-O 9. O-O Bxc3 10. bxc3 Bg4 11. Be2 Nbd7 12. h3 Bf5 13. Bh6 Rfd8 14. Re1
Ne4 15. c4 Qd6 16. Qb3 Qb6 17. Qa3 Ndf6 18. Rab1 Qd6 19. c5 Qd5 20. Rb4 b6 21.
Bc4 Qb7 22. Ne5 Nd5 23. Ba6 Qb8 24. Nc6 Nxb4 25. Nxb8 Raxb8 26. Qxb4 bxc5 27.
Qa5 cxd4 28. Rxe4 Bxe4 29. Qe5 f6 30. Qe6+ Kh8 31. Qxf6+ Kg8 32. Qg7# 1-0

[Event "DVM U20w 2012"]
[Site "Osnabrück GER"]
[Date "2012.12.28"]
[Round "4"]
[White "Schrödter, Lisa"]
[Black "Oltmanns, Bianca"]
[Result "0-1"]
[Termination "normal"]
[Board "6.3"]
[WhiteElo "1091"]
[BlackElo "1705"]
[WhiteTeam "Schachfreunde Paderborn 2000 e.V."]
[BlackTeam "USG Chemnitz"]
[BlackFideId "24698008"]
[EventCountry "GER"]
[EventRounds "7"]
[EventType "team-swiss"]
[EventDate "2012.12.26"]

1. e4 e6 2. Nc3 d5 3. exd5 exd5 4. d4 c6 5. Nf3 Bd6 6. Bd3 Bg4 7. h3 Be6 8. Qe2
h6 9. b3 Ne7 10. Bb2 O-O 11. O-O-O Nd7 12. Kb1 b5 13. Qd2 a5 14. a4 bxa4 15.
bxa4 Qb6 16. Na2 Rfb8 17. Qc3 Bb4 18. Nxb4 axb4 19. Qb3 Ra7 20. Kc1 Rba8 21.
Kd2 c5 22. c4 bxc3+ 23. Kxc3 cxd4+ 24. Nxd4 Rc7+ 25. Kd2 Qxb3 26. Nxb3 Rxa4 27.
Ra1 Rb4 28. Ba3 Rxb3 29. Bxe7 g6 30. g4 Ne5 31. Bc2 Rb2 32. Rhc1 Rxe7 33. f4
Nc6 34. Ke3 Bxg4+ 35. Kd3 Bxh3 36. Bd1 Rb6 37. Ra8+ Kg7 38. Bf3 Bf5+ 39. Kd2
Be4 40. Bxe4 dxe4 41. Re1 Rb3 42. Rc8 Nd4 43. Rc3 Nf3+ 44. Kc2 Rxc3+ 45. Kxc3
Nxe1 0-1

[Event "DVM U20w 2012"]
[Site "Osnabrück GER"]
[Date "2012.12.28"]
[Round "4"]
[White "Scheibe, Lydia"]
[Black "Höschen, Annika"]
[Result "1-0"]
[Termination "normal"]
[Board "6.4"]
[WhiteElo "1105"]
[BlackElo "1169"]
[WhiteTeam "USG Chemnitz"]
[BlackTeam "Schachfreunde Paderborn 2000 e.V."]
[EventCountry "GER"]
[EventRounds "7"]
[EventType "team-swiss"]
[EventDate "2012.12.26"]

1. e4 c5 2. Nf3 Nc6 3. Bc4 g6 4. d4 cxd4 5. Nxd4 Bg7 6. Be3 e6 7. Nc3 Nge7 8.
Be2 O-O 9. Bf3 d5 10. exd5 Nxd5 11. Nxd5 exd5 12. O-O Ne5 13. Be2 Qh4 14. Nf3
Nxf3+ 15. Bxf3 d4 16. Bd2 Rd8 17. Re1 Rb8 18. Re4 Qf6 19. Qc1 Bf5 20. Bg5 Bh6
21. Bxh6 Qb6 22. Re7 Qc5 23. Rxb7 Rxb7 24. Bxb7 Bxc2 25. Qf4 Qf5 26. Qc7 Qd7
27. Qxc2 Qxb7 28. h3 Qd5 29. Re1 Qh5 30. Qd2 d3 31. Re7 Rc8 32. Qe3 Qb5 33. Qf4
Qf5 34. Qe3 Qb5 35. Rxa7 Re8 36. Re7 Rc8 37. b3 Rd8 38. Qd2 Re8 39. Rxe8+ Qxe8
40. Qxd3 Qe1+ 41. Kh2 Qe5+ 42. g3 Qb8 43. Qc3 f6 44. Qxf6 Qa7 45. Qd8+ Kf7 46.
Qd5+ Kf6 47. Bg5+ Kg7 48. Qe5+ Kg8 49. Qf6 Qc5 50. Bh6 Qa7 51. Qf8# 1-0

[Event "DVM U20w 2012"]
[Site "Osnabrück GER"]
[Date "2012.12.29"]
[Round "5"]
[White "Evers, Annika"]
[Black "Endress, Anna"]
[Result "0-1"]
[Termination "normal"]
[Board "1.1"]
[WhiteElo "1794"]
[BlackElo "2120"]
[WhiteTeam "SC Leipzig-Lindenau"]
[BlackTeam "TSV Schott Mainz"]
[WhiteFideId "24691933"]
[BlackFideId "24629472"]
[EventCountry "GER"]
[EventRounds "7"]
[EventType "team-swiss"]
[EventDate "2012.12.26"]

1. d4 d5 2. Nf3 Nf6 3. e3 e6 4. Bd3 c5 5. b3 cxd4 6. exd4 Bb4+ 7. Bd2 Be7 8.
O-O Nc6 9. a3 Ne4 10. Re1 f5 11. Ne5 Nxe5 12. dxe5 O-O 13. Be3 b6 14. Qf3 Bb7
15. Bxe4 dxe4 16. Qh3 Rc8 17. c4 Qd3 18. Nd2 Rcd8 19. Qg3 Kh8 20. Red1 Bc6 21.
Bf4 Qxg3 22. Bxg3 f4 0-1

[Event "DVM U20w 2012"]
[Site "Osnabrück GER"]
[Date "2012.12.29"]
[Round "5"]
[White "Frey, Alisa"]
[Black "Spangenberg, Romy"]
[Result "0-1"]
[Termination "normal"]
[Board "1.2"]
[WhiteTitle "FM"]
[WhiteElo "2039"]
[BlackElo "1765"]
[WhiteTeam "TSV Schott Mainz"]
[BlackTeam "SC Leipzig-Lindenau"]
[WhiteFideId "24634662"]
[BlackFideId "4627997"]
[EventCountry "GER"]
[EventRounds "7"]
[EventType "team-swiss"]
[EventDate "2012.12.26"]

1. d4 d5 2. c4 e6 3. Nc3 Nf6 4. cxd5 exd5 5. Bg5 Be7 6. e3 O-O 7. Qc2 h6 8. Bh4
b6 9. Nf3 Bb7 10. Be2 Nbd7 11. O-O c5 12. dxc5 Nxc5 13. Rfd1 Rc8 14. Rac1 Nce4
15. Qb3 Nc5 16. Qc2 Nce4 17. Nd4 Nxc3 18. bxc3 Ne4 19. Bxe7 Qxe7 20. Qb3 Rfd8
21. Bd3 Qf6 22. Qb2 a6 23. a4 Rd6 24. Rc2 Nc5 25. Qa3 Nxd3 26. Rxd3 Qg6 27.
Rdd2 Rc4 28. Nf5 Qxf5 29. Qxd6 Rxc3 30. Qb8+ Bc8 31. e4 Qxe4 32. Qxc8+ Rxc8 33.
Rxc8+ Kh7 34. Rc1 Qxa4 35. Rxd5 b5 36. g3 b4 37. Rd4 Qa3 38. Rb1 a5 39. Kg2 Qa2
40. Rdd1 b3 41. Ra1 Qc2 42. Re1 Qc6+ 43. Kg1 a4 44. Reb1 Qc2 45. h4 a3 46. Rf1
a2 47. Kh2 Qe2 48. Kg2 Qxf1+ 49. Kxf1 b2 0-1

[Event "DVM U20w 2012"]
[Site "Osnabrück GER"]
[Date "2012.12.29"]
[Round "5"]
[White "Spangenberg, Pia"]
[Black "Schwarz, Larissa"]
[Result "0-1"]
[Termination "normal"]
[Board "1.3"]
[WhiteElo "1849"]
[BlackElo "1893"]
[WhiteTeam "SC Leipzig-Lindenau"]
[BlackTeam "TSV Schott Mainz"]
[WhiteFideId "4627989"]
[BlackFideId "24699004"]
[EventCountry "GER"]
[EventRounds "7"]
[EventType "team-swiss"]
[EventDate "2012.12.26"]

1. d4 Nf6 2. Nf3 g6 3. Bg5 Bg7 4. e3 O-O 5. Bd3 d5 6. c3 Nbd7 7. Qc2 c5 8. Bxf6
Nxf6 9. dxc5 Qc7 10. Nbd2 Qxc5 11. Nb3 Qc7 12. Nfd2 Bd7 13. f3 e5 14. O-O e4
15. Be2 Bf5 16. fxe4 Nxe4 17. Nxe4 Bxe4 18. Bd3 Rae8 19. Rfe1 Be5 20. h3 Bg3
21. Re2 Re5 22. Bxe4 dxe4 23. Nd2 Rfe8 24. Nf1 Bh4 25. Rd1 R8e6 26. Nh2 h5 27.
Nf1 Rf5 28. Nd2 Qc6 29. Nf1 Kh7 30. g3 Be7 31. Rf2 Rxf2 32. Qxf2 Rf6 33. Qg2
Rf3 34. Rd2 Bc5 35. Rf2 Rxf2 36. Qxf2 Qe6 37. b3 Kg7 38. Kg2 Qe5 39. c4 Qc3 40.
Qe2 Qe5 41. Qf2 Qf6 42. Nd2 Qe5 43. Nf1 Qc3 44. Qe2 Bb4 45. Kf2 Ba5 46. Kg2 Bb4
47. Kf2 b6 48. Kg2 f5 49. Kf2 Kf7 50. g4 fxg4 51. hxg4 h4 52. g5 Qe5 53. Qg4
Qf5+ 54. Qf4 Qxf4+ 55. exf4 Ke6 56. Ne3 Bc5 57. Ke2 Bxe3 58. Kxe3 h3 0-1